Educacao tecnológica: reflexoes, teorias e práticas
Salvato in:
| Autori principali: | , |
|---|---|
| Natura: | Libro |
| Lingua: | portoghese |
| Pubblicazione: |
Sao Paulo
Paco
2012
|
| Edizione: | 1a. ed |
| Soggetti: | |
| Tags: |
Aggiungi Tag
Nessun Tag, puoi essere il primo ad aggiungerne!!
|
MARC
| LEADER | 00000cam a2200000 a 4500 | ||
|---|---|---|---|
| 001 | UCF8427 | ||
| 003 | CL-VaPUC | ||
| 008 | 130829e20120000bl |||||||||||||||||por|d | ||
| 020 | |a 9788581480886 | ||
| 082 | 0 | 4 | |a 378.007 |b ALM |2 21 |
| 100 | 0 | |a Almeida, Ivanete Bellucci P. de |e author |9 570502 | |
| 700 | 0 | |a Batista, Sueli Soares Dos Santos |e author |9 570503 | |
| 245 | 1 | 0 | |a Educacao tecnológica: reflexoes, teorias e práticas |
| 250 | |a 1a. ed | ||
| 300 | |a 204 p | ||
| 942 | |c BK | ||
| 945 | |d 20130829 16:45:00 |a dcastane | ||
| 260 | |a Sao Paulo |b Paco |c 2012 | ||
| 650 | 0 | |a Educación superior |9 223851 | |
| 650 | 0 | |a Universidades |9 256317 | |
| 650 | 0 | |a Educación tecnológica |9 307597 | |
| 650 | 0 | |a Investigación educacional |9 261192 | |
| 583 | |a last modification |c 20160928 10:01:42 |k Rodrigo Vera | ||
| 999 | |c 352999 |d 352997 | ||